Architecture and ideology in early medieval Spain / (Record no. 12905)
[ view plain ]
| 000 -LEADER | |
|---|---|
| campo de control de longitud fija | 00815nam a2200253 i 4500 |
| 001 - NÚMERO DE CONTROL | |
| campo de control | 12905 |
| 003 - IDENTIFICADOR DE NÚMERO DE CONTROL | |
| campo de control | ES-MaACL |
| 005 - FECHA Y HORA DE LA ÚLTIMA TRANSACCIÓN | |
| campo de control | 20240229200622.0 |
| 007 - CAMPO FIJO DE DESCRIPCIÓN FÍSICA--INFORMACIÓN GENERAL | |
| campo de control de longitud fija | t| |
| 008 - DATOS DE LONGITUD FIJA--INFORMACIÓN GENERAL | |
| campo de control de longitud fija | 971008s1994 xxu ||||1| eng d |
| 020 ## - NÚMERO INTERNACIONAL ESTÁNDAR DEL LIBRO | |
| Número Internacional Estándar del Libro | 0-271-01325-7 |
| 080 ## - NÚMERO DE LA CLASIFICACIÓN DECIMAL UNIVERSAL | |
| Número de la Clasificación Decimal Universal | 72.033.4/5(460) |
| 080 ## - NÚMERO DE LA CLASIFICACIÓN DECIMAL UNIVERSAL | |
| Número de la Clasificación Decimal Universal | 72.01(460)"4/11" |
| 080 ## - NÚMERO DE LA CLASIFICACIÓN DECIMAL UNIVERSAL | |
| Número de la Clasificación Decimal Universal | 72.01:301.15 |
| 080 ## - NÚMERO DE LA CLASIFICACIÓN DECIMAL UNIVERSAL | |
| Número de la Clasificación Decimal Universal | 301.15:72.01 |
| 100 1# - ENTRADA PRINCIPAL--NOMBRE DE PERSONA | |
| Nombre de persona | Dodds, Jerrilynn D. |
| 9 (RLIN) | 44968 |
| 245 10 - MENCIÓN DEL TÍTULO | |
| Título | Architecture and ideology in early medieval Spain / |
| Mención de responsabilidad, etc. | Jerrilynn D. Dodds. |
| 260 ## - PUBLICACIÓN, DISTRIBUCIÓN, ETC. | |
| Lugar de publicación, distribución, etc. | University Park, Pennsylvania : |
| Nombre del editor, distribuidor, etc. | The Pennsylvania State University Press, |
| Fecha de publicación, distribución, etc. | 1994. |
| 300 ## - DESCRIPCIÓN FÍSICA | |
| Extensión | XIV, 174 p., [74] p. de lám. ; |
| Dimensiones | 28 cm. |
| 650 ## - PUNTO DE ACCESO ADICIONAL DE MATERIA--TÉRMINO DE MATERIA | |
| Término de materia o nombre geográfico como elemento de entrada | Arquitectura y sociedad- |
| Subdivisión geográfica | España. |
| 9 (RLIN) | 171386 |
| 650 17 - PUNTO DE ACCESO ADICIONAL DE MATERIA--TÉRMINO DE MATERIA | |
| Término de materia o nombre geográfico como elemento de entrada | Arquitectura medieval- |
| Subdivisión geográfica | España |
| Fuente del encabezamiento o término | |
| 9 (RLIN) | 169631 |
| 852 ## - LOCALIZACIÓN | |
| Ubicación | ES-MaACL |
| Número de control de estantería | L-20232 |
| Estatus retirado | Estado de pérdida | Estado de daño | No para préstamo | Biblioteca de origen | Biblioteca actual | Ubicación en estantería | Fecha de adquisición | Fuente de adquisición | Total de préstamos | Signatura topográfica completa | Código de barras | Visto por última vez | Precio de reemplazo | Tipo de ítem Koha |
|---|---|---|---|---|---|---|---|---|---|---|---|---|---|---|
| Biblioteca del Ateneo de Madrid | Biblioteca del Ateneo de Madrid | Depósito 2 | 17/01/2008 | L-20232 | 1013144 | 23/02/2023 | 23/02/2023 | Libro impreso |
